Scope of rubber based industries in Tripura (Record no. 52549)

MARC details
000 -LEADER
fixed length control field 00468nam a2200133Ia 4500
100 ## - MAIN ENTRY--AUTHOR NAME
Personal name Joseph J.[c]
245 #0 - TITLE STATEMENT
Title Scope of rubber based industries in Tripura
260 ## - PUBLICATION, DISTRIBUTION, ETC. (IMPRINT)
Name of publisher Seminar on Entrepreneurship Development in Tripura: Issues and Challenges, 27 March 2005, IGNOU Study Centre, MBB College, Agarthala, pp. 11
Year of publication 2005
650 ## - SUBJECT ADDED ENTRY--TOPICAL TERM
Topical Term Rubber product industry
650 ## - SUBJECT ADDED ENTRY--TOPICAL TERM
Topical Term Tripura
700 ## - ADDED ENTRY--PERSONAL NAME
Personal name Dey S.K.
942 ## - ADDED ENTRY ELEMENTS (KOHA)
Koha item type Bibliography STAF
Holdings
Withdrawn status Lost status Damaged status Not for loan Home library Current library Date acquired Koha item type
      Bibliography RRII Library RRII Library 09/04/2014 Bibliography STAF